| 000 | 00661nam a2200193Ii 4500 | ||
|---|---|---|---|
| 003 | JO-AjNU | ||
| 008 | 230605s9999||||xx |||||||||||||| ||und|| | ||
| 040 |
_aJO-AjNU _bara _erda _cJO-AjNU |
||
| 041 | _aara | ||
| 050 | 1 | 4 | _aHJ9750 .O4242 1986 |
| 100 | 3 |
_aحسنين، عمر، م.مشارك فاروق عبدالعال محمد, _eauthor _945786 |
|
| 245 | 0 | 0 | _aاصول محاسبة التكاليف |
| 264 | 3 | 1 | _aالاسكندرية: الدار الجامعية، 1986 |
| 300 | _a632ص | ||
| 336 |
_atext _btxt _2rdacontent |
||
| 337 |
_aunmediated _bn _2rdamedia |
||
| 338 |
_avolume _bnc _2rdacarrier |
||
| 650 | 4 |
_aمحاسبة التكاليف _945787 |
|
| 999 |
_aA19872 _c23440 _d23440 |
||